00425nam a22001577a 450000500170000001000110001702000100002803500110003803700140004908200080006310000240007124500800009524600600017526000120023530000200024720200619112039.0 a884812 c10.75 a884812 bBPPD/Pub. a370 aسلامت اللہ aتعلیم اور اس کا سماجی پس منظر /cسلامت اللہ aTaleem aur Iss ka Samaji Pass Manzar /bby Salamatullah c1977 ء a272p.c20cm(Hb)